Statistiques concernant Quel est ce Pokémon ? par image #3

Cliquez ici pour prendre le quiz!

Statistiques générales

  • Ce quiz a été pris 62 fois
  • Le résultat moyen est 12 sur 16

Statistiques - réponses

Réponse% Correct
Spectrum
98%
Tadmorv
98%
Tiplouf
95%
Négapi
91%
Stalgamin
91%
Blizzaroi
89%
Elecsprint
89%
Magnézone
89%
Tylton
84%
Mimitoss
80%
Joliflor
69%
Necrozma
60%
Bombydou
47%
Scovilain
40%
Oyacata
35%
Félicanis
25%

Distribution des résultats

Percentile par nombre de réponses

% des personnes avec chaque résultat

Votre développement - résultats

Vous n’avez pas pris ce quiz